Capoluoghi che terminano con la I - Statistics

Statistiche generali
  • Questo quiz è stato fatto 106 volte
  • Il punteggio medio è 14 su 15
Statistiche sulle risposte
Popolazione (ab.) Regione Capoluogo % Corretto
332 018 Puglia Bari
97%
76 126 Piemonte Asti
94%
86 968 Puglia Brindisi
94%
962 260 Campania Napoli
94%
150 292 Emilia-Romagna Rimini
94%
153 758 Sardegna Cagliari
93%
47 405 Lazio Rieti
93%
126 930 Sardegna Sassari
91%
111 189 Umbria Terni
90%
67 742 Sicilia Trapani
90%
50 652 Abruzzo Chieti
89%
45 252 Lombardia Lodi
89%
45 968 Piemonte Vercelli
89%
55 972 Puglia Trani
86%
117 627 Emilia-Romagna Forlì
84%
Nessun quiz corrispondente trovato
Distribuzione punteggi
Percentuale di utenti per punteggio
Percentile per numero di risposta
I tuoi punteggi nel tempo
Non hai fatto questo quiz